Vocabulari bàsic per als jutjats = Vocabulario básico para los juzgados (Registre núm. 55166)

MARC details
000 -LEADER
campo de control de longitud fija 00944aam a2200313a 44500
008 - DATOS DE LONGITUD FIJA--INFORMACIÓN GENERAL
campo de control de longitud fija 930106s1991 cat
017 ## - NÚMERO DE COPYRIGHT O DE DEPÓSITO LEGAL
Número de copyright o de depósito legal B-4792-1991
020 ## - NÚMERO INTERNACIONAL ESTÁNDAR DEL LIBRO
Número Internacional Estándar del Libro 8439315929
041 ## - CÓDIGO DE IDIOMA
Código de lengua del texto/banda sonora o título independiente cat
041 ## - CÓDIGO DE IDIOMA
Llengües tractades spa
080 ## - NÚMERO DE LA CLASIFICACIÓN DECIMAL UNIVERSAL
Número de la Clasificación Decimal Universal 34(038)
100 ## - ENTRADA PRINCIPAL--NOMBRE DE PERSONA
Nombre de persona Broto i Ribas, P. de
9 (RLIN) 66172
245 ## - MENCIÓN DEL TÍTULO
Título Vocabulari bàsic per als jutjats = Vocabulario básico para los juzgados
Mención de responsabilidad, etc. Pilar de Broto i Ribas
260 ## - PUBLICACIÓN, DISTRIBUCIÓN, ETC.
Lugar de publicación, distribución, etc. [Barcelona]
Nombre del editor, distribuidor, etc. Generalitat de Catalunya. Direcció General de Relacions amb l'Administració de Justícia
Fecha de publicación, distribución, etc. 1991
300 ## - DESCRIPCIÓN FÍSICA
Extensión 131 p.
Dimensiones 21 cm
500 ## - NOTA GENERAL
Nota general Categoria gramatical
520 ## - RESUMEN, ETC.
Nombre de termes aprox. 1600
591 ## - Codi de font
Codi de font 3039
592 ## - Tipus obra
Tipus d'obra Obra terminològica
593 ## - Codi CGAT
Codi de la CGAT ME
594 ## - Número de document
Número de document 3039
650 ## - PUNTO DE ACCESO ADICIONAL DE MATERIA--TÉRMINO DE MATERIA
Término de materia o nombre geográfico como elemento de entrada administració de justícia
9 (RLIN) 61982
650 ## - PUNTO DE ACCESO ADICIONAL DE MATERIA--TÉRMINO DE MATERIA
Término de materia o nombre geográfico como elemento de entrada llenguatge jurídic
9 (RLIN) 60549
901 ## - ELEMENTOS DE DATOS A LOCAL LDA (RLIN)
c <1991>
902 ## - ELEMENTOS DE DATOS B LOCAL, LDB (RLIN)
a 930106
942 ## - ELEMENTOS DE ENTRADA SECUNDARIOS (KOHA)
Tipo de ítem Koha Monografia
Suprimir en OPAC No
Fuente del sistema de clasificación o colocación Clasificación Decimal Dewey
Fons
Estatus retirado Estado de pérdida Estado de daño No para préstamo Biblioteca de origen Biblioteca actual Fecha de adquisición Total de préstamos Signatura topográfica completa Código de barras Visto por última vez Precio de reemplazo Tipo de ítem Koha
        TERMCAT TERMCAT 06/01/1993   ME 4 04219 30/09/2021 30/09/2021 MO

Implantat amb Koha